[Event "Moscow-ch op sf"]
[Site "Moscow"]
[Date "2007.03.24"]
[Round "9"]
[White "Rodionov, Ivan"]
[Black "Polyak, Roman"]
[Result "1-0"]
[WhiteElo "2043"]
[BlackElo "2170"]
[PlyCount "41"]
[EventDate "2007.03.05"]
[EventType "swiss"]
[EventRounds "9"]
[EventCountry "RUS"]
[SourceTitle "EXT 2022"]
[Source "ChessBase"]
[SourceDate "2021.10.06"]
[SourceVersion "1"]
[SourceVersionDate "2021.10.06"]
[SourceQuality "1"]

1. e4 e5 2. Nf3 Nc6 3. Bc4 Nf6 4. Ng5 d5 5. exd5 Na5 6. Bb5+ c6 7. dxc6 bxc6 8. Be2 h6 9. Nf3 e4 10. Ne5 Bd6 11. f4 exf3 12. Nxf3 0-0 13. 0-0 Qc7 14. d4 Ng4 15. h3 Nf6 16. Nc3 Bg3 17. Bd3 c5 18. Kh1 c4 19. Be4 Rb8 20. Ne5 Nxe4 21. Nxe4 1-0